000 00640cab a2200229 4500
001 ABS57887
008 090401t1997 xxu||||| |||| 00| 0 eng d
035 _a(Sirsi) u82316
041 _aeng
100 _aHollis, M.
245 _aWater, water everywhere
260 _c1997
350 _a0
490 _aValuer (ISVA)
_v66(6) November/December 1997, 6-7(2)
520 _aLookss at water penetration in buildings, its causes, testing for dampness and diagnosis.
650 _aDAMP
650 _aDIAGNOSIS
650 _aWATER PENETRATION
690 _aBUILT ENVIRONMENT-BUILDING INSPECTION
942 _n0
948 _c25/11/1997
999 _c51950
_d51950